UK Towns Quiz - Cornwall - Statistics

General Stats
  • This quiz has been taken 479 times
  • The average score is 29 of 90
Answer Stats
Clue Population Town % Correct
N 24,547 Newquay
97%
T 23,047 Truro
96%
F 24,071 Falmouth
93%
P 14,958 Penzance
91%
S 5,409 St Ives
86%
R 15,453 Redruth
82%
S 24,375 St Austell
81%
B 16,922 Bodmin
77%
C 20,452 Camborne
75%
B 7,342 Bude
65%
L 5,314 Looe
65%
L 10,902 Liskeard
63%
H 11,366 Helston
62%
P 2,352 Padstow
61%
S 15,437 Saltash
60%
L 8,428 Launceston
58%
H 9,043 Hayle
54%
P 2,749 Perranporth
50%
F 2,026 Fowey
47%
P 11,194 Penryn
47%
W 5,628 Wadebridge
47%
L 1,046 Lizard
42%
S 1,830 St Just
42%
L 3,070 Lostwithiel
41%
M 1,876 Mevagissey
41%
N 3,360 Newlyn
41%
S 3,253 St Agnes
41%
C 2,981 Camelford
39%
S 1,128 St Erth
37%
S 6,574 St Blazey
34%
M 1,349 Marazion
33%
P 8,580 Pool
33%
P 3,114 Porthleven
33%
T 7,158 Torpoint
33%
C 4,672 Callington
32%
C 3,970 Carbis Bay
31%
R 1,152 Rock
31%
S 3,661 St Columb Major
30%
G 3,508 Gunnislake
28%
M 2,147 Mullion
27%
F 3,888 Fraddon
26%
S 2,337 St Stephen
26%
B 2,427 Bugle
25%
P 1,217 Portreath
25%
P 2,561 Probus
24%
S 2,363 St Dennis
24%
T 2,852 Threemilestone
24%
R 2,310 Roche
23%
Q 1,359 Quintrell Downs
21%
I 1,094 Illogan
20%
M 1,007 Mawnan Smith
20%
S 1,147 St Cleer
20%
S 1,039 St Newlyn East
20%
C 2,128 Carnon Downs
19%
S 1,432 St Day
19%
D 1,775 Delabole
18%
D 1,684 Dobwalls
18%
N 1,077 Nanpean
18%
S 1,927 Stratton
18%
F 1,580 Four Lanes
17%
G 1,160 Grampound Road
17%
L 1,980 Longrock
17%
S 1,614 Stithians
17%
C 1,053 Crowlas
16%
L 2,165 Lanner
16%
M 2,298 Millbrook
16%
S 1,604 St Erme
16%
F 1,531 Foxhole
15%
L 1,102 Landrake
15%
M 1,592 Mount Hawke
14%
P 1,657 Pensilva
14%
S 1,343 St Merryn
14%
T 1,398 Troon
14%
T 2,584 Tywardreath
14%
P 1,095 Polgooth
13%
C 1,484 Connor Downs
12%
M 1,537 Mylor Bridge
12%
P 1,709 Penwithick
12%
R 1,116 Reawla
12%
S 1,430 Shortlanesend
12%
T 1,245 Trewoon
12%
G 1,346 Goldsithney
11%
P 1,305 Perranarworthal
11%
C 1,174 Carlyon Bay
10%
E 1,186 Egloshayle
10%
P 1,143 Pelynt
10%
W 1,818 Withnoe
10%
C 1,526 Carharrack
9%
K 1,138 Kelly Bray
9%
T 1,107 Tolvaddon
9%
No matching quizzes found
Score Distribution
Percent of People with Each Score
Percentile by Number Answered
Your Score History
You have not taken this quiz